Tintin in the Land of the Soviets / (Record no. 49851)
| 000 -LEADER | |
|---|---|
| fixed length control field | 00319nam a2200109 4500 |
| 020 ## - INTERNATIONAL STANDARD BOOK NUMBER | |
| International Standard Book Number | 9781405266512 |
| 245 ## - TITLE STATEMENT | |
| Title | Tintin in the Land of the Soviets / |
| Statement of responsibility, etc | Herge. |
| 260 ## - PUBLICATION, DISTRIBUTION, ETC. (IMPRINT) | |
| Place of publication, distribution, etc | London: |
| Name of publisher, distributor, etc | Egmont; |
| Date of publication, distribution, etc | 2012. |
| 300 ## - PHYSICAL DESCRIPTION | |
| Extent | 141 p. |
| Other physical details | Black and white illustrations; |
| Dimensions | 29 cm. |
| 490 ## - SERIES STATEMENT | |
| Series statement | The adventures of Tintin; |
| 942 ## - ADDED ENTRY ELEMENTS (KOHA) | |
| Source of classification or shelving scheme | |
| Koha item type | Books/GRAPHICS |
| Withdrawn status | Lost status | Source of classification or shelving scheme | Damaged status | Not for loan | Collection code | Home library | Current library | Shelving location | Date acquired | Total Checkouts | Full call number | Barcode | Date last seen | Date checked out | Price effective from | Koha item type |
|---|---|---|---|---|---|---|---|---|---|---|---|---|---|---|---|---|
| SECONDARY | Asian Hope Secondary Library | Asian Hope Secondary Library | SECONDARY | 12/05/2025 | 1 | J GRAPHIX HER | 208590 | 02/10/2026 | 02/03/2026 | 12/05/2025 | Books/GRAPHICS |